Finanzas públicas e ingreso nacional / (Registro nro. 7705)

Detalles MARC
000 -LEADER
fixed length control field 01056nam a2200253Ia 4500
003 - CONTROL NUMBER IDENTIFIER
control field OSt
005 - DATE AND TIME OF LATEST TRANSACTION
control field 20210511100919.0
008 - FIXED-LENGTH DATA ELEMENTS--GENERAL INFORMATION
fixed length control field 210310t1952 spa gr 000 0 spa d
040 ## - CATALOGING SOURCE
Original cataloging agency CO-JMCR
Transcribing agency CO-JMCR
041 1# - LANGUAGE CODE
Language code of text/sound track or separate title spa
Language code of original eng
082 04 - DEWEY DECIMAL CLASSIFICATION NUMBER
Classification number 336.001 /
Item number S694f
Edition number 23
100 1# - MAIN ENTRY--PERSONAL NAME
Personal name Somers, Harold Milton,
9 (RLIN) 15211
Relator term autor
245 10 - TITLE STATEMENT
Title Finanzas públicas e ingreso nacional /
Statement of responsibility, etc. Harold M. Somers ; Traducción de Horacio Flores de la Peña y Marta Chávez
250 ## - EDITION STATEMENT
Edition statement Primera edición
260 ## - PUBLICATION, DISTRIBUTION, ETC.
Place of publication, distribution, etc. México :
Name of publisher, distributor, etc. Fondo de Cultura Económica,
Date of publication, distribution, etc. 1952
300 ## - PHYSICAL DESCRIPTION
Extent 601 páginas ;
Dimensions 21 cm.
490 0# - SERIES STATEMENT
Series statement Sección de obras de economía
500 ## - GENERAL NOTE
General note Incluye notas a pie de página.
505 0# - FORMATTED CONTENTS NOTE
Formatted contents note Las finanzas públicas en la economía moderna -- Gastos públicos -- Impuestos -- Empréstitos públicos -- Finanzas estatales y locales --- La política fiscal y la actividad económica
650 14 - SUBJECT ADDED ENTRY--TOPICAL TERM
Topical term or geographic name entry element Finanzas públicas
9 (RLIN) 15213
700 1# - ADDED ENTRY--PERSONAL NAME
Personal name Flores de la Peña, Horacio,
Relator term traductora
9 (RLIN) 37534
700 1# - ADDED ENTRY--PERSONAL NAME
Personal name Chávez, Marta,
Relator term traductora
9 (RLIN) 36745
942 ## - ADDED ENTRY ELEMENTS (KOHA)
Source of classification or shelving scheme Dewey Decimal Classification
Koha item type Books
Existencias
Withdrawn status Lost status Source of classification or shelving scheme Damaged status Not for loan Collection code Home library Current library Date acquired Source of acquisition Full call number Barcode Date last seen Copy number Koha item type
    Dewey Decimal Classification     Non-fiction Biblioteca Pública José María del Castillo y Rada Biblioteca Pública José María del Castillo y Rada 04/15/2018 Donación 336.001 / S694f 430003831 05/16/2024 Ej.1 Books
    Dewey Decimal Classification     Non-fiction Biblioteca Pública José María del Castillo y Rada Biblioteca Pública José María del Castillo y Rada 04/15/2018 Donación 336.001 / S694f 430004159 05/16/2024 Ej.2 Books